Ijsul Al-fiqh (Record no. 40908)
[ view plain ]
| 000 -LEADER | |
|---|---|
| fixed length control field | 00271nam a2200121Ia 4500 |
| 050 ## - CALL MARK | |
| Classification number | KD 623 .Z9/ |
| 100 ## - STATEMENT OF RESPONSIBILITY--MAIN AUTHOR NAME | |
| Personal name | Muhammad abu zuhra |
| 245 #0 - TITLE STATEMENT | |
| Title | Ijsul Al-fiqh |
| 300 ## - PHYSICAL DESCRIPTION | |
| Number of Pages | 415 p |
| 942 ## - ADDED ENTRY ELEMENTS (KOHA) | |
| Koha item type | Books |
| Withdrawn status | Lost status | Source of classification or shelving scheme | Damaged status | Not for loan | Permanent Location | Current Location | Shelving location | Date acquired | Accession Number | Price effective from | Koha item type |
|---|---|---|---|---|---|---|---|---|---|---|---|
| Library of Congress Classification | Law Library | Law Library | Items on shelf | 06/03/2025 | 0186376 | 06/03/2025 | Books | ||||
| Library of Congress Classification | Law Library | Law Library | Items on shelf | 06/03/2025 | 0186378 | 06/03/2025 | Books |